Những bài toán tối ưu quản lý kinh doanh xây dựng
Đã lưu trong:
| Príomhúdar: | |
|---|---|
| Formáid: | Leabhar |
| Teanga: | Undetermined |
| Foilsithe: |
ĐH Kỹ thuật Tp HCM
|
| Clibeanna: |
Cuir Clib Leis
Gan Chlibeanna, Bí ar an gcéad duine leis an taifead seo a chlibeáil!
|
| Thư viện lưu trữ: | Trung tâm Học liệu Trường Đại học Cần Thơ |
|---|
| LEADER | 00432nam a2200133Ia 4500 | ||
|---|---|---|---|
| 001 | CTU_49030 | ||
| 008 | 210402s9999 xx 000 0 und d | ||
| 082 | |a 658.05 | ||
| 082 | |b K304 | ||
| 100 | |a LÊ VĂN KIỂM | ||
| 245 | 0 | |a Những bài toán tối ưu quản lý kinh doanh xây dựng | |
| 245 | 0 | |c LÊ VĂN KIỂM | |
| 260 | |b ĐH Kỹ thuật Tp HCM | ||
| 980 | |a Trung tâm Học liệu Trường Đại học Cần Thơ | ||